01657nam a2200313 a 4500003000900000005001700009007000300026008002900029020001800058040002500076082002700101100004100128245012500169260003800294300003600332500005700368500007400425504003200499590002600531650006000557700004200617910004800659942001400707952016600721952014600887952014701033952014601180999001701326DO-SdBNP20250205122719.0ta180518s2013 dr a 000 spa d a9789945165760 aDO-SdBNPbspacBNPHU 4a344.7293099bM878L2221 aMorrison Fortunato, Heriberto97740910aLegislación deportiva dominicana y estudio comparado /cHeriberto Morrison Fortunato ; prólogo César Pina Toribio. aSanto Domingo : bBúho, c2013. a174 p. bil., fots. ; c22 cm.  aIncluye datos biográficos del autor en las solapas aIncluye referencias bibliográficas y notas al pie de las páginas. aBibliografía : p. 171-174 aInventariado, 2022/BT 4aDeportes xLegislaciónzRepública Dominicana9829651 aPina Toribio, Césarepról.916867 aBtavárez/Validado. Control de calidad MFF 2ddccLBS1 00102ddc51708PDaBNPHUbBNPHUcHDd2020-11-25eDonado por Espacios Culturales 14-04-2018oBNPHU PD 344.7293099 M878Lp2021-0410r2020-11-25w2020-11-25yLBS1 00102ddc51708PDaBNPHUbBNPHUcHDd2022-11-10eDepósito LegaloBNPHU PD 344.7293099 M878Lp2022-5199r2022-11-10te.2w2022-11-10yLBS1 00102ddc56708DSaBNPHUbBNPHUcHDd2022-11-10eDepósito LegaloBNPHU DS 344.7293099 M878Lp2022-5200r2022-11-10te.3w2022-11-10yLBS1 00102ddc56708DSaBNPHUbBNPHUcHDd2022-11-10eDepósito LegaloBNPHU DS 344.7293099 M878Lp2022-5201r2022-11-10te.4w2022-11-10yLBS1 c46910d46910